Ibest Name Quiz - Statistics

General Stats
  • This quiz has been taken 66 times
  • The average score is 17 of 25
Answer Stats
Answer % Correct
Bryce C
100%
Bryce M
100%
Chantal
90%
Kylie
90%
Phillip
90%
Safa
90%
Daniel
80%
Marek
80%
Austyn
70%
Brandon
70%
Iris
70%
Julia
70%
Nico
70%
Peter
70%
Sakura
70%
David
60%
Grace
60%
Jonathan
60%
Claire
50%
Juan
50%
Tobi
50%
Alan
40%
Alexander
40%
Chau
40%
Ethan
40%
No matching quizzes found
Score Distribution
Percent of People with Each Score
Percentile by Number Answered
Your Score History
You have not taken this quiz